Urban-rural relations : (Record no. 2650)

000 -LEADER
fixed length control field 01000cam a2200325 a 4500
001 - CONTROL NUMBER
control field 3994624
003 - CONTROL NUMBER IDENTIFIER
control field OSt
005 - DATE AND TIME OF LATEST TRANSACTION
control field 20170105101158.0
008 - FIXED-LENGTH DATA ELEMENTS--GENERAL INFORMATION
fixed length control field 951019s1995 ii b b 000 0 eng
010 ## - LIBRARY OF CONGRESS CONTROL NUMBER
LC control number 95906290
020 ## - INTERNATIONAL STANDARD BOOK NUMBER
International Standard Book Number 8174881425
025 ## - OVERSEAS ACQUISITION NUMBER
Overseas acquisition number I-E-95906290
040 ## - CATALOGING SOURCE
Original cataloging agency DLC
Transcribing agency DLC
Modifying agency DLC
042 ## - AUTHENTICATION CODE
Authentication code lcode
043 ## - GEOGRAPHIC AREA CODE
Geographic area code a-ii---
050 00 - LIBRARY OF CONGRESS CALL NUMBER
Classification number HB2099
Item number .R38 1995
100 0# - MAIN ENTRY--PERSONAL NAME
Personal name Ravinder Kaur,
Dates associated with a name 1970-
245 10 - TITLE STATEMENT
Title Urban-rural relations :
Remainder of title a geographical analysis /
Statement of responsibility, etc. Ravinder Kaur.
250 ## - EDITION STATEMENT
Edition statement 1st ed.
260 ## - PUBLICATION, DISTRIBUTION, ETC.
Place of publication, distribution, etc. New Delhi :
Name of publisher, distributor, etc. Anmol Publications,
Date of publication, distribution, etc. 1995.
300 ## - PHYSICAL DESCRIPTION
Extent xiii, 139 p. :
Other physical details maps ;
Dimensions 23 cm.
504 ## - BIBLIOGRAPHY, ETC. NOTE
Bibliography, etc. note Includes bibliographical references (p. 133-139).
520 ## - SUMMARY, ETC.
Summary, etc. With special reference to India.
650 #0 - SUBJECT ADDED ENTRY--TOPICAL TERM
Topical term or geographic name entry element Rural-urban migration
Geographic subdivision India.
650 #0 - SUBJECT ADDED ENTRY--TOPICAL TERM
Topical term or geographic name entry element Commuting
Geographic subdivision India.
650 #0 - SUBJECT ADDED ENTRY--TOPICAL TERM
Topical term or geographic name entry element Rural-urban relations
Geographic subdivision India.
906 ## - LOCAL DATA ELEMENT F, LDF (RLIN)
a 7
b cbc
c origode
d 3
e ncip
f 19
g y-gencatlg
942 ## - ADDED ENTRY ELEMENTS (KOHA)
Source of classification or shelving scheme
Koha item type Book
Holdings
Withdrawn status Lost status Source of classification or shelving scheme Damaged status Not for loan Collection code Permanent Location Current Location Shelving location Date acquired Total Checkouts Full call number Barcode Date last seen Price effective from Koha item type
            Central Library (CL) Central Library (CL) General Stacks 03/09/2016   307 KAU S3H-N-422 03/09/2016 03/09/2016 Book
© 2023 Central Library, National University of Sciences and Technology. All Rights Reserved.